| Tag |
First Indicator |
Second Indicator |
Subfields |
| LEADER |
00000cam a22000001 4500 |
| 001 |
in00000047371 |
| 005 |
20151007071441.0 |
| 008 |
731212s1966 nyua b 00010 eng |
| 010 |
|
|
|a 66026832
|
| 035 |
|
|
|a (OCoLC)00914347
|
| 035 |
|
|
|9 AAE5992AM
|
| 040 |
|
|
|a DLC
|c DLC
|d TXA
|d UtOrBLW
|
| 049 |
|
|
|a TXAM
|c [465339]
|
| 050 |
0 |
0 |
|a QC174.45
|b .C45
|
| 082 |
0 |
|
|a 530.122
|
| 092 |
|
|
|a 530.122
|b C529a, 1966
|
| 100 |
1 |
|
|a Chew, Geoffrey F.
|
| 245 |
1 |
4 |
|a The analytic S matrix ;
|b a basis for nuclear democracy /
|c [by] Geoffrey F. Chew.
|
| 264 |
|
1 |
|a New York :
|b W. A. Benjamin,
|c 1966.
|
| 300 |
|
|
|a ix, 103 pages :
|b illustrations ;
|c 24 cm.
|
| 336 |
|
|
|a text
|b txt
|2 rdacontent
|
| 337 |
|
|
|a unmediated
|b n
|2 rdamedia
|
| 338 |
|
|
|a volume
|b nc
|2 rdacarrier
|
| 504 |
|
|
|a Includes bibliographical references.
|
| 650 |
|
0 |
|a S-matrix theory.
|
| 999 |
|
|
|a MARS
|
| 999 |
f |
f |
|s 5934892f-46af-373c-8cf6-ef840824af35
|i 3956cf85-8074-3ce8-a827-a68189f0a0ac
|t 0
|
| 952 |
f |
f |
|p ric
|a Texas A&M University
|b Rellis Campus
|c Joint Library Facility
|d Remote Storage
|t 0
|e QC174.45 .C45
|h Library of Congress classification
|i unmediated -- volume
|m A14800910236
|
| 998 |
f |
f |
|a QC174.45 .C45
|t 0
|l Remote Storage
|